[Event "IMSA Blitz Women 2019"]
[Site "Hengshui"]
[Date "2019.05.18"]
[Round "7.2"]
[White "Zhao, Xue"]
[Black "Muzychuk, Mariya"]
[Result "1/2-1/2"]
[WhiteElo "2485"]
[BlackElo "2563"]
[Annotator "TA"]
[PlyCount "146"]
[EventDate "2019.05.17"]
[EventType "blitz"]
[EventCountry "CHN"]
[SourceTitle "playchess.com"]
[Source "ChessBase"]
[SourceQuality "1"]

{[%evp 14,146,10,-12,-12,-26,-21,-25,-26,-16,-26,-28,-35,-33,0,0,0,0,-12,-77,-72,-51,-16,-104,-97,-184,-173,-208,-214,-308,-189,-181,-127,-121,-37,-31,33,40,97,95,146,172,303,151,145,11,281,59,552,124,117,116,116,118,125,119,150,125,150,150,137,43,40,43,49,44,54,54,82,82,82,54,82,82,82,54,54,54,82,54,54,0,82,82,82,54,54,32,54,54,53,54,75,0,31,0,75,54,66,54,75,75,67,67,100,67,67,53,43,31,31,31,31,31,31,31,31,31,31,31,31,31,31,0,0,0,0,0,0,0,0,0,0,0,0]} 1. c4 c5 2. Nc3 Nc6 3. g3 g6 4. Bg2 Bg7 5. e3 e6 6. Nge2 Nge7 7. O-O O-O 8. Nf4 b6 {A36: Symmetrical English vs ...g6: 4 Bg2 Bg7} 9. d3 Bb7 10. a3 d6 {Black has an edge.} 11. Rb1 Qd7 12. Bd2 Ne5 13. e4 {[#]} a5 $146 ({Predecessor:} 13... N7c6 14. Be3 Nd4 15. Bxd4 cxd4 16. Nce2 {0-1 (62) Karlsson,L (2510)-Polugaevsky,L (2575) Haninge 1988}) 14. b4 axb4 15. axb4 N7c6 16. bxc5 (16. Nce2 $11) 16... bxc5 $17 17. Nb5 Ba6 18. Be3 (18. Bc3 $11) 18... Rfb8 19. Ne2 (19. h3 $17) 19... Nb4 $19 20. f4 Nexd3 21. Nec3 (21. e5 $142 Bxb5 22. Bxa8 Bxc4 23. Be4 dxe5 24. Qd2) 21... Bxb5 22. Nxb5 Ra2 (22... Ra6 $19 23. e5 dxe5 24. fxe5 Ra2) 23. Rb3 $17 {[#]} Nb2 (23... Rxb5 $1 $17 24. cxb5 Qxb5) 24. Qxd6 $15 Qxd6 (24... Qc8 $15 25. Qxc5 Nxc4) 25. Nxd6 $14 Rd8 (25... Na4 $14) 26. e5 $16 ({Not} 26. Bxc5 Na6 $15) 26... Bf8 (26... Na4 $142) 27. Bxc5 N4d3 (27... Na6 $142) 28. Bb6 (28. Ba3 $18 {and White stays clearly on top.}) 28... Rb8 29. Rb1 ({White should try} 29. c5 $16 {Strongly threatening c6.} Nxc5 30. Rxb2 Rxb2 31. Bxc5) 29... Ra6 $2 {[%mdl 8192]} (29... Nxc4 $1 $11 {and Black is okay.} 30. Rxd3 (30. Nxc4 Rxb6 {[%mdl 64] Remove Defender, Decoy} 31. Rxb6 Bc5+ {[%mdl 64] Double Attack} 32. Kh1 Nf2+ 33. Kg1 Nd3+ 34. Kh1 Nf2+ 35. Kg1 Nd3+ $11) 30... Rxb6 31. Rxb6 Nxb6) 30. c5 $2 ({Don't do} 30. R3xb2 $6 Nxb2 31. Bd4 Rb4 $18) (30. Bb7 $18 Rxb7 31. Nxb7 Nxc4 32. Rxd3 Nxb6 33. Nd6) 30... Na4 $2 {[%mdl 8192]} ({Black should play} 30... Nxc5 $1 $14 31. R3xb2 Na4) 31. Rxd3 $2 (31. c6 $18 {and the rest is easy.} Raxb6 32. c7 Rxb3 33. Rxb3 Rxb3 34. c8=Q) 31... Nxc5 32. Bxc5 Rxb1+ {[#]} 33. Bf1 $1 Raa1 34. Rf3 Rc1 35. Bb4 Rab1 36. Bd2 Rd1 37. Be3 (37. Ne4 $16) 37... Bxd6 $14 38. exd6 Rxd6 39. Rf2 f6 40. Kg2 Kf7 41. Rc2 Rb7 42. Be2 h5 43. h4 Rdd7 44. Kf2 Rbc7 45. Ra2 Rb7 46. Bf3 Rb3 47. Be2 (47. Be4 $14) 47... Rdb7 (47... Rbb7 $1 $11) 48. Bd4 $16 R3b4 49. Bf3 Rd7 50. Bc5 Rc4 51. Be3 Rdc7 52. Bd1 Rb4 53. Bf3 Rbc4 54. Bd1 Rb4 $1 55. Bd2 Rd4 56. Bf3 Rcd7 57. Ke2 Rc4 58. Rb2 Rcd4 59. Be3 Rc4 60. Ra2 (60. Bb6 {is interesting.} Rc3 61. Ba5 Ra3 62. Bb4 Ra1 63. Bc5) 60... Rdc7 61. Ra7 (61. Kd3 {feels hotter.} Rc3+ 62. Kd2 Rb3 63. Be4 Rcc3 64. Ra7+) 61... Rxa7 62. Bxa7 Rc2+ 63. Ke3 Rc3+ 64. Kf2 Rc2+ 65. Be2 Ra2 66. Bd4 Rd2 67. Ke3 Ra2 68. Bd3 Rg2 {The position is equal.} 69. Kf3 Rd2 70. Ke3 Rg2 71. Kf3 Rd2 72. Ke4 Rg2 73. Kf3 Rd2 {Accuracy: White = 33%, Black = 44%.} 1/2-1/2

[Event "IMSA Blitz Women 2019"]
[Site "Hengshui"]
[Date "2019.05.18"]
[Round "7.2"]
[White "Khotenashvili, Bela"]
[Black "Abdumalik, Zhansaya"]
[Result "0-1"]
[WhiteElo "2476"]
[BlackElo "2464"]
[Annotator "RC"]
[PlyCount "98"]
[EventDate "2019.05.17"]
[EventType "blitz"]
[EventCountry "CHN"]
[SourceTitle "playchess.com"]
[Source "ChessBase"]
[SourceQuality "1"]
[TimeControl "180+2"]

1. d4 {[%emt 0:00:00]} Nf6 {[%emt 0:00:00]} 2. Bg5 {[%emt 0:00:00]} d5 {[%emt 0:00:02]} 3. e3 {[%emt 0:00:03]} Nbd7 {[%emt 0:00:07]} 4. Nd2 {[%emt 0:00:08]} g6 {[%emt 0:00:03]} 5. c3 {[%emt 0:00:05]} Bg7 {[%emt 0:00:02]} 6. Bd3 {[%emt 0:00:01]} c5 {[%emt 0:00:01]} 7. Ngf3 {[%emt 0:00:59]} O-O {[%emt 0:00:03]} 8. a4 {[%emt 0:00:03]} Re8 {[%emt 0:00:04]} 9. a5 {[%emt 0:00:05]} e5 {[%emt 0:00:12]} 10. dxe5 Nxe5 {[%emt 0:00:01]} 11. Nxe5 {[%emt 0:00:03]} Rxe5 {[%emt 0:00:01]} 12. Nf3 {[%emt 0:00:22]} Re8 {[%emt 0:00:14]} 13. O-O {[%emt 0:00:04]} h6 {[%emt 0:00:07]} 14. Bh4 {[%emt 0:00:03]} Qd6 {[%emt 0:00:50]} 15. Bg3 {[%emt 0:00:11]} Qe6 {[%emt 0:00:01]} 16. Qa4 {[%emt 0:00:26]} Ne4 {[%emt 0:00:24]} 17. Rfd1 {[%emt 0:00:34]} a6 {[%emt 0:00:16]} 18. Bxe4 {[%emt 0:00:05]} dxe4 {[%emt 0:00:16]} 19. Rd6 {[%emt 0:00:09]} Qe7 {[%emt 0:00:08]} 20. Nd2 {[%emt 0:00:03]} h5 {[%emt 0:00:06]} 21. h4 {[%emt 0:00:09]} Bg4 {[%emt 0:00:04]} 22. Nc4 {[%emt 0:00:04]} Rad8 {[%emt 0:00:01]} 23. Rxd8 {[%emt 0:00:03]} Rxd8 24. Qb3 {[%emt 0:00:01]} Be6 {[%emt 0:00:05]} 25. Qa4 {[%emt 0:00:01]} Bf8 {[%emt 0:00:06]} 26. Nb6 {[%emt 0:00:01]} Bg4 {[%emt 0:00:04]} 27. Qc4 {[%emt 0:00:02]} Rd2 {[%emt 0:00:11]} 28. b3 {[%emt 0:00:01]} Be2 {[%emt 0:00:11]} 29. Qa4 {[%emt 0:00:02]} Bb5 {[%emt 0:00:01]} 30. Qa3 {[%emt 0:00:00]} Qf6 {[%emt 0:00:04]} 31. Qc1 {[%emt 0:00:02]} Rd3 {[%emt 0:00:02]} 32. c4 {[%emt 0:00:00]} Bc6 {[%emt 0:00:02]} 33. Rb1 {[%emt 0:00:02]} Bd6 {[%emt 0:00:02]} 34. Bxd6 {[%emt 0:00:02]} Qxd6 {[%emt 0:00:02]} 35. Qb2 {[%emt 0:00:02]} Rd2 {[%emt 0:00:03]} 36. Qc3 {[%emt 0:00:01]} Rd3 {[%emt 0:00:01]} 37. Qb2 {[%emt 0:00:00]} Rd2 {[%emt 0:00:07]} 38. Qc3 {[%emt 0:00:01]} Rd3 {[%emt 0:00:03]} 39. Qb2 {[%emt 0:00:01]} Qd8 {[%emt 0:00:01]} 40. g3 {[%emt 0:00:02]} Qd6 {[%emt 0:00:01]} 41. Na4 {[%emt 0:00:02]} Bd7 {[%emt 0:00:05]} 42. Qa3 {[%emt 0:00:03]} Rd1+ {[%emt 0:00:03]} 43. Rxd1 {[%emt 0:00:01]} Qxd1+ {[%emt 0:00:00]} 44. Kh2 {[%emt 0:00:01]} Bg4 {[%emt 0:00:03]} 45. Nc3 {[%emt 0:00:04]} Qe1 {[%emt 0:00:02]} 46. Nxe4 {[%emt 0:00:09]} Bf3 {[%emt 0:00:01]} 47. g4 {[%emt 0:00:01]} Bxe4 {[%emt 0:00:02]} 48. Qxc5 {[%emt 0:00:02]} Qh1+ {[%emt 0:00:01]} 49. Kg3 {[%emt 0:00:01]} Qf3+ {[%emt 0:00:01]} 0-1

[Event "IMSA Blitz Women 2019"]
[Site "Hengshui"]
[Date "2019.05.18"]
[Round "7.2"]
[White "Ushenina, Anna"]
[Black "Bodnaruk, Anastasia"]
[Result "0-1"]
[WhiteElo "2442"]
[BlackElo "2431"]
[Annotator "NA RC"]
[PlyCount "86"]
[EventDate "2019.05.17"]
[EventType "blitz"]
[EventCountry "CHN"]
[SourceTitle "playchess.com"]
[Source "ChessBase"]
[SourceQuality "1"]
[TimeControl "180+2"]

1. d4 {[%emt 0:00:00]} Nf6 {[%emt 0:00:00]} 2. Nf3 {[%emt 0:00:00]} g6 {[%emt 0:00:00]} 3. g3 {[%emt 0:00:01]} Bg7 {[%emt 0:00:00]} 4. Bg2 {[%emt 0:00:02]} O-O {[%emt 0:00:01]} 5. O-O {[%emt 0:00:02]} d6 {[%emt 0:00:01]} 6. c4 {[%emt 0:00:01]} Nc6 {[%emt 0:00:01]} 7. d5 {[%emt 0:00:02]} Na5 {[%emt 0:00:06]} 8. Nfd2 {[%emt 0:00:01]} c5 {[%emt 0:00:01]} 9. a3 {[%emt 0:00:03]} b6 {[%emt 0:00:19]} 10. b4 {[%emt 0:00:02]} Nb7 {[%emt 0:00:02]} 11. Bb2 {[%emt 0:00:02]} cxb4 {[%emt 0:00:21]} 12. axb4 {[%emt 0:00:02]} a5 {[%emt 0:00:01]} 13. Bd4 {[%emt 0:00:34]} Bd7 {[%emt 0:00:19]} 14. Qb3 {[%emt 0:00:03]} axb4 {[%emt 0:00:20]} 15. Rxa8 {[%emt 0:00:08]} Qxa8 {[%emt 0:00:01]} 16. Qxb4 {[%emt 0:00:08]} Nc5 {[%emt 0:00:01]} 17. Nc3 {[%emt 0:00:17]} Ng4 {[%emt 0:00:26]} 18. Bxg7 {[%emt 0:00:06]} Kxg7 {[%emt 0:00:01]} 19. h3 {[%emt 0:00:12]} Nf6 {[%emt 0:00:01]} 20. Rb1 {[%emt 0:00:11]} Qa5 {[%emt 0:00:08]} 21. Kh2 {[%emt 0:00:22]} Ra8 {[%emt 0:00:07]} 22. Nde4 {[%emt 0:00:05]} Bf5 {[%emt 0:00:25]} 23. Qb2 {[%emt 0:00:10]} Qa3 {[%emt 0:00:07]} 24. f3 {[%emt 0:00:23]} Bxe4 {[%emt 0:00:13]} 25. fxe4 {[%emt 0:00:01]} Qxb2 {[%emt 0:00:05]} 26. Rxb2 {[%emt 0:00:01]} Nfd7 {[%emt 0:00:03]} 27. Rb4 {[%emt 0:00:22]} Ra3 {[%emt 0:00:02]} 28. Nb5 {[%emt 0:00:02]} Re3 {[%emt 0:00:04]} 29. Na7 {[%emt 0:00:04]} Rxe2 {[%emt 0:00:06]} 30. Kg1 {[%emt 0:00:03]} Nxe4 {[%emt 0:00:14]} 31. g4 {[%emt 0:00:01]} Nec5 {[%emt 0:00:06]} 32. Nc8 {[%emt 0:00:03]} Nd3 {[%emt 0:00:04]} 33. Rb3 {[%emt 0:00:04]} Nf4 {[%emt 0:00:02]} 34. Bf1 {[%emt 0:00:01]} Re1 {[%emt 0:00:04]} 35. Kf2 {[%emt 0:00:04]} Rc1 {[%emt 0:00:01]} 36. Nxe7 {[%emt 0:00:03]} Ne5 {[%emt 0:00:06]} 37. Rxb6 {[%emt 0:00:04]} Rc2+ {[%emt 0:00:07]} 38. Ke3 {[%emt 0:00:03]} Nxh3 {[%emt 0:00:05]} 39. Bxh3 {[%emt 0:00:02]} Rc3+ {[%emt 0:00:01]} 40. Ke2 {[%emt 0:00:05]} Rxh3 {[%emt 0:00:02]} 41. Rxd6 {[%emt 0:00:05]} Rh2+ {[%emt 0:00:02]} 42. Ke1 {[%emt 0:00:03]} Nxc4 43. g5 {[%emt 0:00:03]} Nxd6 {[%emt 0:00:03]} 0-1

[Event "IMSA Blitz Women 2019"]
[Site "Hengshui"]
[Date "2019.05.18"]
[Round "7.2"]
[White "Krush, Irina"]
[Black "Dzagnidze, Nana"]
[Result "0-1"]
[WhiteElo "2422"]
[BlackElo "2510"]
[Annotator "RC"]
[PlyCount "67"]
[EventDate "2019.05.17"]
[EventType "blitz"]
[EventCountry "CHN"]
[SourceTitle "playchess.com"]
[Source "ChessBase"]
[SourceQuality "1"]
[TimeControl "180+2"]

1. d4 {[%emt 0:00:00]} Nf6 {[%emt 0:00:00]} 2. c4 {[%emt 0:00:01]} e6 {[%emt 0:00:01]} 3. Nc3 {[%emt 0:00:01]} Bb4 {[%emt 0:00:02]} 4. Qc2 {[%emt 0:00:01]} O-O {[%emt 0:00:03]} 5. e4 {[%emt 0:00:01]} d6 {[%emt 0:00:13]} 6. a3 {[%emt 0:00:02]} Bxc3+ {[%emt 0:00:02]} 7. bxc3 {[%emt 0:00:01]} e5 {[%emt 0:00:04]} 8. Bd3 {[%emt 0:00:02]} Nc6 {[%emt 0:00:14]} 9. Ne2 {[%emt 0:00:03]} Nh5 {[%emt 0:00:38]} 10. O-O {[%emt 0:00:08]} Bd7 {[%emt 0:00:19]} 11. f4 {[%emt 0:00:09]} exf4 {[%emt 0:00:16]} 12. Nxf4 {[%emt 0:00:01]} Nxf4 {[%emt 0:00:04]} 13. Bxf4 {[%emt 0:00:02]} Qh4 {[%emt 0:00:15]} 14. Bg3 {[%emt 0:00:17]} Qh6 {[%emt 0:00:02]} 15. Rf4 {[%emt 0:00:03]} Rae8 {[%emt 0:00:12]} 16. Raf1 {[%emt 0:00:23]} Ne7 {[%emt 0:00:19]} 17. Qf2 {[%emt 0:01:01]} Qh5 {[%emt 0:00:26]} 18. Rh4 {[%emt 0:00:20]} Qa5 {[%emt 0:00:12]} 19. Rf4 {[%emt 0:00:21]} f6 {[%emt 0:00:04]} 20. Qc2 {[%emt 0:00:08]} Ng6 {[%emt 0:00:04]} 21. R4f2 {[%emt 0:00:01]} Qg5 {[%emt 0:00:02]} 22. c5 {[%emt 0:00:07]} dxc5 {[%emt 0:00:03]} 23. Bxc7 {[%emt 0:00:02]} cxd4 {[%emt 0:00:02]} 24. cxd4 {[%emt 0:00:02]} Kh8 {[%emt 0:00:00]} 25. Bd6 {[%emt 0:00:04]} Rg8 {[%emt 0:00:05]} 26. Qc7 {[%emt 0:00:10]} Bc6 {[%emt 0:00:03]} 27. d5 {[%emt 0:00:03]} Rc8 {[%emt 0:00:01]} 28. Qf7 {[%emt 0:00:05]} Ba4 {[%emt 0:00:06]} 29. Qxb7 {[%emt 0:00:05]} Ne5 {[%emt 0:00:01]} 30. Be2 {[%emt 0:00:05]} Qe3 {[%emt 0:00:03]} 31. Bxe5 {[%emt 0:00:06]} fxe5 {[%emt 0:00:01]} 32. Kh1 {[%emt 0:00:01]} Bc2 {[%emt 0:00:01]} 33. Qxc8 {[%emt 0:00:05]} Bxe4 {[%emt 0:00:03]} 34. Qxg8+ {[%emt 0:00:02]} 0-1

[Event "IMSA Blitz Women 2019"]
[Site "Hengshui"]
[Date "2019.05.18"]
[Round "8.1"]
[White "Muzychuk, Mariya"]
[Black "Dzagnidze, Nana"]
[Result "1/2-1/2"]
[WhiteElo "2563"]
[BlackElo "2510"]
[Annotator "TA"]
[PlyCount "166"]
[EventDate "2019.05.17"]
[EventType "blitz"]
[EventCountry "CHN"]
[SourceTitle "playchess.com"]
[Source "ChessBase"]
[SourceQuality "1"]

{[%evp 13,166,13,0,-14,0,0,0,-6,-16,-16,16,0,0,0,21,31,12,6,14,11,10,17,26,18,40,51,47,47,54,40,55,24,51,47,53,50,62,25,24,0,0,0,0,-27,0,-63,-60,-74,-85,-96,-92,-212,-96,-108,-88,-112,-97,-120,-102,-127,110,110,119,119,293,198,194,187,329,287,311,210,224,211,249,69,56,-1029,-1024,-1024,70,-29994,0,0,0,0,0,0,0,0,0,0,0,0,0,0,0,0,0,0,0,-63,0,0,0,0,0,0,0,0,0,0,0,0,0,0,8,8,20,20,20,20,20,20,20,20,20,20,20,20,20,20,20,20,20,20,20,20,20,20,26,26,26,26,28,28,28,28,28,0,22,0,22,20,20]} 1. e4 e6 2. d4 d5 3. exd5 exd5 4. Nf3 Bd6 5. h3 Nf6 6. Bd3 O-O 7. O-O h6 8. c4 {C01: French: Exchange Variation} (8. Re1 Re8 9. Nc3 c6 10. Ne5 Nbd7 11. Bf4 Qc7 12. Qf3 Nxe5 13. dxe5 Rxe5 14. Bxe5 Bxe5 15. Re2 Bd7 16. Rae1 {1-0 (65) Bacrot,E (2725)-Akobian,V (2647) Riadh 2017}) 8... dxc4 9. Bxc4 Nbd7 {[%cal Bb8d7,Bd7b6,Bb6d5][%mdl 32]} 10. Nc3 Nb6 11. Bb3 c6 12. Re1 $146 ({Predecessor:} 12. Ne5 Nbd5 13. Qf3 Be6 14. Re1 Re8 15. Bd2 {½-½ (71) Schula,M (2315)-Vrana,J (2299) Czech Republic 2018}) 12... Nbd5 13. Ne5 Qc7 14. Qf3 Be6 15. Bd2 Rfe8 16. Re2 Nxc3 17. bxc3 Bxb3 18. axb3 Bxe5 19. dxe5 Nd7 20. Qg3 Kh8 21. Bf4 {Threatens to win with e6!} Re6 22. Rd1 Rae8 {[%cal Rd7e5]} 23. Rd6 Nf8 24. Red2 Qb6 25. b4 a5 26. bxa5 Qxa5 27. Qf3 Ng6 28. Rd7 R8e7 29. Bg3 (29. Rd8+ $11 Re8 30. Rxe8+ Rxe8 31. Rd7) 29... Nxe5 $15 30. Rd8+ {[#]} Kh7 $1 (30... Re8 31. Rxe8+ Rxe8 32. Bxe5 $11) 31. Qe4+ Ng6 32. Qd4 (32. Qc2 $17) 32... Qf5 (32... Qa1+ $19 {and Black stays clearly on top.} 33. Rd1 Re1+ 34. Kh2 Rxd1 35. Qxd1 Qxc3) 33. Kh2 h5 34. Bd6 Re4 35. Qd3 R7e6 36. f3 Rf4 $2 (36... Qg5 $17 {stays on course.} 37. fxe4 Qxd8) 37. Bxf4 $16 Qxf4+ 38. g3 Qg5 $2 (38... Qe3 $16) 39. h4 Qc5 40. Re2 Rf6 (40... Rxe2+ $142 41. Qxe2 Ne5) 41. Rd7 b5 42. Rb7 Rd6 43. Qe3 Qc4 {And now ...Re6 would win.} 44. Rd2 $2 (44. Qe4 $18) 44... Re6 $14 45. Qg5 $2 {[%mdl 8192]} (45. Qd4 $14 Re2+ 46. Rxe2 Qxe2+ {[%mdl 64] Double Attack} 47. Kg1) 45... Re5 $19 46. Qd8 Qf1 $2 (46... Re2+ $19 47. Rxe2 Qxe2+ {[%mdl 64] Double Attack} 48. Kg1 Ne5 49. Rxf7 Nxf7) 47. f4 $2 {[%mdl 8192]} (47. Qd3 $14 Qe1 48. Kg2 (48. Rxf7 Kg8 $11)) 47... Re2+ $2 (47... Re1 {mates} 48. Qg8+ {[%mdl 64] Decoy} Kxg8 49. Rb8+ Kh7 50. Rh8+ Nxh8 51. g4 Qg1+ {[%mdl 64] Double Attack} 52. Kh3 hxg4#) 48. Rxe2 $11 Qxe2+ {[%mdl 4096] Endgame KQR-KQN} 49. Kg1 Qe1+ 50. Kg2 Qe2+ ({Reject} 50... Qxc3 $6 51. Qd1 $16) 51. Kg1 Qe3+ 52. Kg2 {Black must now prevent Qd1.} Qe2+ ({But not} 52... Qxc3 $6 53. Qd1 $16) 53. Kg1 Qf3 54. Qg5 f6 {[%mdl 64] Deflection} 55. Qxf6 $1 {[%csl Gb7][%cal Rf6g7]} Qxg3+ {[%mdl 64] Double Attack} 56. Kf1 {[%csl Gb7][%cal Rf6g7]} Qf3+ 57. Kg1 ({White should try} 57. Ke1 $11 Qg3+ 58. Kd1 Nxf4 59. Qe5) 57... Qg3+ (57... Qg4+ $15 58. Kf2 Nxf4 59. Rxg7+ Qxg7 60. Qxf4 Qe7) 58. Kf1 {[%csl Gb7][%cal Rf6g7]} Nxf4 59. Qf5+ {[#]} Kh6 $1 {[#] ( -> ...Qg2+)} 60. Qg5+ $1 {[%mdl 576] Decoy} Qxg5 61. hxg5+ Kxg5 62. Rxg7+ {KR-KN} Kf5 63. Rc7 Ke4 64. Rxc6 h4 65. Rc5 Nd5 66. Rxb5 Nxc3 67. Rb4+ Kd3 68. Rxh4 Ne4 69. Rh3+ Kd4 70. Ke2 Nc3+ 71. Kf3 Nd5 72. Rh4+ Kd3 73. Rh1 Nc3 74. Kf4 Ne2+ 75. Ke5 Nc3 76. Rh3+ Kd2 77. Kd4 Ne2+ 78. Kc4 Nf4 79. Rf3 Ne2 80. Rd3+ Ke1 81. Rf3 Kd2 {The position is equal.} 82. Rh3 Nf4 83. Rh2+ Ke3 {Accuracy: White = 48%, Black = 52%.} 1/2-1/2

[Event "IMSA Blitz Women 2019"]
[Site "Hengshui"]
[Date "2019.05.18"]
[Round "8.1"]
[White "Kosteniuk, Alexandra"]
[Black "Gunina, Valentina"]
[Result "1-0"]
[WhiteElo "2546"]
[BlackElo "2506"]
[Annotator "ChessBase"]
[PlyCount "59"]
[EventDate "2019.05.17"]
[EventType "blitz"]
[EventCountry "CHN"]
[SourceTitle "playchess.com"]
[Source "ChessBase"]
[SourceQuality "1"]
[TimeControl "180+2"]

1. e4 {[%emt 0:00:00]} c6 {[%emt 0:00:00]} 2. c4 {[%emt 0:00:00]} d5 {[%emt 0:00:00]} 3. cxd5 {[%emt 0:00:01]} cxd5 {[%emt 0:00:01]} 4. exd5 {[%emt 0:00:01]} Nf6 {[%emt 0:00:01]} 5. Nc3 {[%emt 0:00:01]} g6 {[%emt 0:00:03]} 6. Bc4 {[%emt 0:00:01]} Bg7 {[%emt 0:00:02]} 7. Nf3 {[%emt 0:00:03]} O-O {[%emt 0:00:02]} 8. O-O {[%emt 0:00:01]} a6 {[%emt 0:00:02]} 9. a4 {[%emt 0:00:03]} Nbd7 {[%emt 0:00:06]} 10. a5 {[%emt 0:00:05]} b5 {[%emt 0:00:04]} 11. axb6 {[%emt 0:00:22]} Nxb6 {[%emt 0:00:01]} 12. d3 {[%emt 0:00:19]} Nbxd5 {[%emt 0:00:19]} 13. Nxd5 {[%emt 0:00:02]} Nxd5 {[%emt 0:00:01]} 14. Qb3 {[%emt 0:00:01]} Nb6 {[%emt 0:00:27]} 15. Be3 {[%emt 0:00:09]} Nxc4 {[%emt 0:00:07]} 16. dxc4 {[%emt 0:00:01]} Be6 {[%emt 0:00:03]} 17. Ng5 {[%emt 0:00:08]} Bf5 {[%emt 0:00:21]} 18. Qa3 {[%emt 0:00:44]} Qc7 {[%emt 0:00:12]} 19. Rac1 {[%emt 0:00:06]} a5 {[%emt 0:00:14]} 20. Rfd1 {[%emt 0:00:07]} Rab8 {[%emt 0:00:11]} 21. b3 {[%emt 0:00:04]} Rfc8 {[%emt 0:00:15]} 22. h3 {[%emt 0:00:04]} h6 {[%emt 0:00:08]} 23. Nf3 {[%emt 0:00:02]} Qb7 {[%emt 0:00:04]} 24. Nd4 {[%emt 0:00:06]} Be4 {[%emt 0:00:06]} 25. f3 {[%emt 0:00:03]} Bc6 {[%emt 0:00:33]} 26. Qxa5 {[%emt 0:00:01]} Ra8 {[%emt 0:00:06]} 27. Qe1 {[%emt 0:00:04]} Be8 {[%emt 0:00:07]} 28. b4 {[%emt 0:00:04]} e5 {[%emt 0:00:01]} 29. Nb3 {[%emt 0:00:03]} e4 {[%emt 0:00:12]} 30. Nc5 {[%emt 0:00:03]} 1-0

[Event "IMSA Blitz Women 2019"]
[Site "Hengshui"]
[Date "2019.05.18"]
[Round "8.1"]
[White "Lei, Tingjie"]
[Black "Krush, Irina"]
[Result "1-0"]
[WhiteElo "2507"]
[BlackElo "2422"]
[Annotator "RC"]
[PlyCount "157"]
[EventDate "2019.05.17"]
[EventType "blitz"]
[EventCountry "CHN"]
[SourceTitle "playchess.com"]
[Source "ChessBase"]
[SourceQuality "1"]
[TimeControl "180+2"]

1. e4 {[%emt 0:00:00]} c5 {[%emt 0:00:00]} 2. Nf3 {[%emt 0:00:00]} d6 {[%emt 0:00:01]} 3. d4 {[%emt 0:00:01]} cxd4 {[%emt 0:00:01]} 4. Nxd4 {[%emt 0:00:02]} Nf6 {[%emt 0:00:01]} 5. Nc3 {[%emt 0:00:01]} Nc6 {[%emt 0:00:01]} 6. Bg5 {[%emt 0:00:03]} Qb6 {[%emt 0:00:01]} 7. Nb3 {[%emt 0:00:03]} g6 {[%emt 0:00:09]} 8. Qd2 {[%emt 0:00:12]} Be6 {[%emt 0:00:03]} 9. Bxf6 {[%emt 0:00:35]} exf6 {[%emt 0:00:02]} 10. O-O-O {[%emt 0:00:09]} O-O-O {[%emt 0:00:02]} 11. Kb1 {[%emt 0:00:05]} Kb8 {[%emt 0:00:02]} 12. f3 {[%emt 0:00:08]} Ne5 {[%emt 0:00:37]} 13. Nd5 {[%emt 0:00:03]} Bxd5 {[%emt 0:00:04]} 14. Qxd5 {[%emt 0:00:03]} h5 {[%emt 0:00:18]} 15. Be2 {[%emt 0:00:05]} Bh6 {[%emt 0:00:04]} 16. Nd4 {[%emt 0:00:25]} a6 {[%emt 0:00:05]} 17. g3 {[%emt 0:00:04]} Be3 {[%emt 0:00:14]} 18. f4 {[%emt 0:00:20]} Ng4 {[%emt 0:00:05]} 19. Bxg4 {[%emt 0:00:03]} hxg4 {[%emt 0:00:01]} 20. Nb3 {[%emt 0:00:10]} Qc7 {[%emt 0:00:13]} 21. Rd3 {[%emt 0:00:06]} Bb6 {[%emt 0:00:15]} 22. Nd2 {[%emt 0:00:04]} Ka7 {[%emt 0:00:13]} 23. a4 {[%emt 0:00:15]} Qe7 {[%emt 0:00:07]} 24. a5 {[%emt 0:00:07]} Bf2 {[%emt 0:00:05]} 25. Nc4 {[%emt 0:00:12]} Qc7 {[%emt 0:00:27]} 26. Nxd6 {[%emt 0:00:14]} Bc5 {[%emt 0:00:03]} 27. e5 {[%emt 0:00:04]} fxe5 {[%emt 0:00:11]} 28. fxe5 {[%emt 0:00:01]} Bxd6 {[%emt 0:00:09]} 29. exd6 {[%emt 0:00:02]} Qd7 {[%emt 0:00:03]} 30. Rf1 {[%emt 0:00:06]} f5 {[%emt 0:00:02]} 31. Rf2 {[%emt 0:00:02]} Rhe8 {[%emt 0:00:02]} 32. Rfd2 {[%emt 0:00:03]} Re6 {[%emt 0:00:02]} 33. Qc5+ {[%emt 0:00:02]} Kb8 {[%emt 0:00:01]} 34. Qc7+ {[%emt 0:00:01]} Ka8 {[%emt 0:00:04]} 35. Rb3 {[%emt 0:00:06]} Re1+ {[%emt 0:00:09]} 36. Ka2 {[%emt 0:00:00]} Qa4+ {[%emt 0:00:04]} 37. Ra3 {[%emt 0:00:01]} Qd7 {[%emt 0:00:05]} 38. Rdd3 {[%emt 0:00:03]} Re2 {[%emt 0:00:05]} 39. Rab3 {[%emt 0:00:05]} Qa4+ {[%emt 0:00:01]} 40. Ra3 {[%emt 0:00:01]} Qd7 {[%emt 0:00:02]} 41. c4 {[%emt 0:00:06]} Re6 {[%emt 0:00:04]} 42. c5 {[%emt 0:00:04]} Ree8 {[%emt 0:00:01]} 43. Qxd7 {[%emt 0:00:03]} Rxd7 {[%emt 0:00:01]} 44. Rab3 {[%emt 0:00:01]} Rc8 {[%emt 0:00:02]} 45. Rd5 {[%emt 0:00:01]} Rh8 {[%emt 0:00:02]} 46. Rd2 {[%emt 0:00:04]} Re8 {[%emt 0:00:01]} 47. Rc3 {[%emt 0:00:02]} Kb8 {[%emt 0:00:02]} 48. c6 {[%emt 0:00:01]} bxc6 {[%emt 0:00:01]} 49. Rxc6 {[%emt 0:00:01]} Kb7 {[%emt 0:00:01]} 50. Rdc2 {[%emt 0:00:01]} Red8 {[%emt 0:00:05]} 51. Rb6+ {[%emt 0:00:02]} Ka7 {[%emt 0:00:02]} 52. Rcc6 {[%emt 0:00:02]} Rh8 {[%emt 0:00:04]} 53. Rxa6+ {[%emt 0:00:02]} Kb7 {[%emt 0:00:01]} 54. Rab6+ {[%emt 0:00:01]} Ka7 {[%emt 0:00:01]} 55. Kb3 {[%emt 0:00:03]} Rxh2 {[%emt 0:00:03]} 56. Rc7+ {[%emt 0:00:00]} Rxc7 {[%emt 0:00:02]} 57. dxc7 {[%emt 0:00:02]} Rh8 {[%emt 0:00:02]} 58. Rxg6 {[%emt 0:00:02]} Kb7 {[%emt 0:00:01]} 59. Ka4 {[%emt 0:00:02]} Rf8 {[%emt 0:00:02]} 60. b4 {[%emt 0:00:02]} Kxc7 {[%emt 0:00:02]} 61. a6 {[%emt 0:00:01]} f4 {[%emt 0:00:03]} 62. gxf4 {[%emt 0:00:01]} Rxf4 {[%emt 0:00:01]} 63. Ka5 {[%emt 0:00:02]} Rf5+ {[%emt 0:00:05]} 64. b5 {[%emt 0:00:01]} Rh5 {[%emt 0:00:01]} 65. Rxg4 {[%emt 0:00:01]} Rh7 {[%emt 0:00:01]} 66. Rg6 {[%emt 0:00:01]} Kb8 {[%emt 0:00:01]} 67. Kb6 {[%emt 0:00:02]} Rh8 {[%emt 0:00:01]} 68. Kc6 {[%emt 0:00:01]} Rc8+ {[%emt 0:00:02]} 69. Kb6 {[%emt 0:00:02]} Ka8 {[%emt 0:00:01]} 70. Rg7 {[%emt 0:00:02]} Rb8+ {[%emt 0:00:02]} 71. Ka5 {[%emt 0:00:02]} Rh8 {[%emt 0:00:02]} 72. Rc7 {[%emt 0:00:05]} Rg8 {[%emt 0:00:02]} 73. b6 {[%emt 0:00:03]} Rg5+ {[%emt 0:00:03]} 74. Kb4 {[%emt 0:00:01]} Rg4+ {[%emt 0:00:02]} 75. Kb5 {[%emt 0:00:01]} Rg5+ {[%emt 0:00:01]} 76. Rc5 {[%emt 0:00:00]} Rg8 {[%emt 0:00:01]} 77. a7 {[%emt 0:00:03]} Rh8 {[%emt 0:00:05]} 78. Ka6 {[%emt 0:00:02]} Rf8 {[%emt 0:00:04]} 79. b7# {[%emt 0:00:01]} 1-0